[Event "Rome La Regina op 3rd"]
[Site "Rome"]
[Date "2023.07.28"]
[Round "1"]
[White "Orfini, Nicolo"]
[Black "D'Andrea, Carlo"]
[Result "1-0"]
[WhiteElo "2206"]
[BlackElo "1951"]
[PlyCount "45"]
[EventDate "2023.07.28"]
[EventType "swiss"]
[EventRounds "5"]
[EventCountry "ITA"]
[SourceTitle "CBM 215 Extra"]
[Source "ChessBase"]
[SourceDate "2023.09.30"]
[SourceVersion "1"]
[SourceVersionDate "2023.09.30"]
[SourceQuality "1"]

1. e4 e6 2. d4 d5 3. Nc3 dxe4 4. Nxe4 Nd7 5. g3 Ngf6 6. Nxf6+ Nxf6 7. Bg2 Be7 8. Nf3 0-0 9. 0-0 c5 10. c4 Qb6 11. b3 Rd8 12. Bb2 Bd7 13. Qe2 cxd4 14. Nxd4 Rac8 15. Nf5 Bf8 16. Nh6+ gxh6 17. Bxf6 e5 18. Bxd8 Rxd8 19. Rad1 Qc7 20. Qd2 b6 21. Rfe1 a5 22. Qd5 Bg7 23. Bh3 1-0

[Event "Rome Elo op 5th"]
[Site "Rome"]
[Date "2009.09.16"]
[Round "1"]
[White "D'Andrea, Carlo"]
[Black "Bartoloni, Mario"]
[Result "1-0"]
[WhiteElo "1943"]
[BlackElo "1548"]
[PlyCount "81"]
[EventDate "2009.09.16"]
[EventType "swiss"]
[EventRounds "5"]
[EventCountry "ITA"]
[SourceTitle "EXT 2012"]
[Source "ChessBase"]
[SourceDate "2011.11.24"]
[SourceVersion "1"]
[SourceVersionDate "2011.11.24"]
[SourceQuality "1"]

1. e4 g6 2. f4 d6 3. Nf3 Nf6 4. Nc3 c6 5. d4 Bg7 6. Bd3 Bg4 7. Be3 e6 8. h3 Bxf3 9. Qxf3 0-0 10. 0-0-0 e5 11. dxe5 dxe5 12. Bc4 Qc7 13. fxe5 Qxe5 14. Bd4 Qg5+ 15. Kb1 Nbd7 16. h4 Qg4 17. Qxg4 Nxg4 18. Bxg7 Ne3 19. Bxf8 Nxd1 20. Rxd1 Nxf8 21. Rf1 Ne6 22. Kc1 Kg7 23. Bxe6 fxe6 24. e5 Rd8 25. Rf6 Rd4 26. g3 Rg4 27. Rxe6 Kf7 28. Rf6+ Ke7 29. Rf3 Ke6 30. Re3 g5 31. hxg5 Rxg5 32. Kd2 h6 33. Ne2 Rg8 34. Nf4+ Ke7 35. Ke2 Rg5 36. Kf3 h5 37. e6 a6 38. Rd3 b6 39. Rd7+ Ke8 40. Rh7 Re5 41. Rxh5 1-0

[Event "Porto San Giorgio op"]
[Site "Porto San Giorgio"]
[Date "2007.08.21"]
[Round "1"]
[White "Eperjesi, Laszlo"]
[Black "D'Andrea, Carlo"]
[Result "1-0"]
[WhiteElo "2264"]
[BlackElo "1976"]
[PlyCount "37"]
[EventDate "2007.08.21"]
[EventType "swiss"]
[EventRounds "9"]
[EventCountry "ITA"]
[SourceTitle "CBM 120 Extra"]
[Source "ChessBase"]
[SourceDate "2007.11.01"]
[SourceVersion "1"]
[SourceVersionDate "2007.11.01"]
[SourceQuality "1"]

1. d4 Nf6 2. c4 e6 3. Nf3 b6 4. g3 Bb7 5. Bg2 Be7 6. 0-0 0-0 7. Nc3 d5 8. Ne5 Nbd7 9. cxd5 exd5 10. Bf4 a6 11. Rc1 Rc8 12. Qb3 Nxe5 13. dxe5 Ne4 14. Nxe4 dxe4 15. Rfd1 Qe8 16. Bh3 Rb8 17. Rxc7 g5 18. Rdd7 gxf4 19. Rxe7 1-0

[Event "Rome Steinitz op 1st"]
[Site "Rome"]
[Date "2002.07.06"]
[Round "2"]
[White "D'Andrea, Carlo"]
[Black "Tosoni, Augusto"]
[Result "0-1"]
[WhiteElo "1696"]
[BlackElo "2174"]
[PlyCount "150"]
[EventDate "2002.07.05"]
[EventType "swiss"]
[EventRounds "5"]
[EventCountry "ITA"]
[SourceTitle "EXT 2007"]
[Source "ChessBase"]
[SourceDate "2006.11.23"]
[SourceVersion "1"]
[SourceVersionDate "2006.11.23"]
[SourceQuality "1"]

1. e4 e5 2. Nc3 Nf6 3. Bc4 Nxe4 4. Qh5 Nd6 5. Bb3 Nc6 6. Nb5 g6 7. Qf3 f5 8. Qd5 Qe7 9. Nxc7+ Kd8 10. Nxa8 b6 11. Nxb6 axb6 12. Qf3 Bb7 13. Qh3 Nd4 14. d3 f4 15. Bd2 h5 16. c3 g5 17. f3 Nxb3 18. axb3 Bd5 19. c4 Be6 20. g4 Qh7 21. Ra8+ Kc7 22. Ke2 Kb7 23. Rxf8 Rxf8 24. Qxh5 Qg7 25. Qh3 e4 26. Bc3 exd3+ 27. Kxd3 Qg6+ 28. Kd2 Bxc4 29. Qg2 Qd3+ 30. Kc1 Bxb3 31. Qe2 Qd5 32. Qd2 Qxd2+ 33. Kxd2 Nc4+ 34. Ke2 Re8+ 35. Kf2 Bd1 36. h4 gxh4 37. Rxh4 Ne3 38. g5 Nd5 39. Be5 Rg8 40. Nh3 Bc2 41. Rh8 Rxh8 42. Bxh8 d6 43. Bc3 Kc6 44. Bd2 Kd7 45. Bxf4 Bf5 46. Bxd6 Bxh3 47. Bf8 Bf5 48. Ke2 Ke6 49. Bg7 Kf7 50. Be5 Kg6 51. f4 Be4 52. Bd4 b5 53. Be5 Kf5 54. Kd2 Nxf4 55. Bb8 Nd5 56. Kc1 Kxg5 57. Kd2 Kg4 58. Kc1 Kf3 59. Be5 Ke2 60. b3 Kd3 61. Kb2 Ne7 62. Bf6 Nc6 63. Ka3 Kc2 64. Bg7 Bd5 65. b4 Kd3 66. Bf8 Kc4 67. Bd6 Nd4 68. Bf8 Nc2+ 69. Kb2 Nxb4 70. Bd6 Nd3+ 71. Kb1 Nc5 72. Bf8 b4 73. Be7 b3 74. Kb2 Na4+ 75. Ka3 b2 0-1